000 00827cam a2200241 a 4500
001 3924357
005 20180313050501.0
008 920914s1993 nyuaf b 001 0 eng
010 _a 92034840
020 _a0814711871 (acidfree paper)
040 _aDLC
_cDLC
_dDLC
041 _aeng
043 _an-us---
080 _a306.0973
082 0 0 _a306.0973 BUR
_220
100 1 _a50
101 _aSOC
245 1 0 _aBad habits :
_cJohn C. Burnham.
504 _aIncludes bibliographical references (p. 298-373) and index.
906 _a7
_bcbc
_corignew
_d1
_eocip
_f19
_gy-gencatlg
942 _2ddc
_cBK
999 _c44837
_d44837